| 000 | 01839nam a2200373 c 4500 | ||
|---|---|---|---|
| 999 |
_c197314 _d197314 |
||
| 003 | BLK | ||
| 005 | 20230629112209.0 | ||
| 008 | 180411b bul|||||r ||||||| ||bul|| | ||
| 010 | _aKNG00206592000 | ||
| 020 | _a9789543781423 | ||
| 040 | _aBLK | ||
| 041 |
_aBUL _cBUL |
||
| 072 | 7 |
_2bullib _aН32 _xПолитика Н |
|
| 080 |
_aНационални малцинства. Оптанти _b323.15 _x:297(497.2)(062.2) _z323.15:297(497.2)(062.2) |
||
| 139 |
_aБългарите мохамедани - лъжи и спекулации _bБ 92 |
||
| 245 | 1 | 0 |
_aБългарите мохамедани - лъжи и спекулации _bЧ. 1 - _cсъстав. Александър Петров Маринов. _nЧ. 1 _pСтатии, бележки, научни доклади, писма |
| 257 | _aBGR | ||
| 260 |
_c2016 - _aСофия |
||
| 300 | _c24 см | ||
| 380 | _a3 | ||
| 490 | 1 | _aПоредица Дружба Родина | |
| 650 | 4 |
_aБългаромохамедани - история _9272405 |
|
| 653 | _aбългаромохамедани | ||
| 659 | _aН | ||
| 700 | 1 |
_aМаринов, Александър Петров _eсъстав. _9371303 |
|
| 760 | 1 |
_dТангра ТанНакРа, 2016 _h435 с. _nИзд. на Сдружение Дружба "Родина" Вместо предговор: Проф. д-р Хюсеин Мемишоглу - носителят на жълтата фланелка / Елена Алекова: с. 9-36. - Библиогр. под линия _tЧ. 1 Статии, бележки, научни доклади, писма |
|
| 852 | _aЦб 285610 | ||
| 856 | 4 | _qpdf | |
| 856 | 4 | _qpdf | |
| 942 |
_cKNG _n0 _s1 _01 |
||
| 944 |
_aCR _c19.05.2017 _kВиолета_Тройчева |
||
| 944 |
_aED _c27.06.2017 _kГеновева_Генчева |
||
| 999 | _d197314 | ||